Waste Water Treatment 3rd ed (Record no. 3540)

000 -LEADER
fixed length control field 00667nam a2200253Ia 4500
003 - CONTROL NUMBER IDENTIFIER
control field OSt
005 - DATE AND TIME OF LATEST TRANSACTION
control field 20250910135303.0
008 - FIXED-LENGTH DATA ELEMENTS--GENERAL INFORMATION
fixed length control field 200302s9999 xx 000 0 und d
020 ## - INTERNATIONAL STANDARD BOOK NUMBER
International Standard Book Number 9878120417120
040 ## - CATALOGING SOURCE
Original cataloging agency BMSCA
041 ## - LANGUAGE CODE
Language code of text/sound track or separate title Eng
082 04 - DEWEY DECIMAL CLASSIFICATION NUMBER
Edition number 3rd ed.
Classification number 628.166 DAT
Item number DAT
100 1# - MAIN ENTRY--PERSONAL NAME
Personal name Rao, M.N.
245 10 - TITLE STATEMENT
Title Waste Water Treatment 3rd ed
250 ## - EDITION STATEMENT
Edition statement 3rd ed.
260 ## - PUBLICATION, DISTRIBUTION, ETC. (IMPRINT)
Name of publisher, distributor, etc Oxford & IBH Publishing Co.
260 ## - PUBLICATION, DISTRIBUTION, ETC. (IMPRINT)
Date of publication, distribution, etc 2012.
Place of publication, distribution, etc New Delhi:
Name of publisher, distributor, etc OXFORD & IBH PUBLISHING CO. PVT. LTD,
300 ## - PHYSICAL DESCRIPTION
Extent 388p.:
Dimensions 22cm.
500 ## - GENERAL NOTE
General note Include index
504 ## - BIBLIOGRAPHY, ETC. NOTE
Bibliography, etc It include bibliographies and index.
650 #7 - SUBJECT ADDED ENTRY--TOPICAL TERM
Topical term or geographic name as entry element Architecture,
700 1# - ADDED ENTRY--PERSONAL NAME
Personal name Datt, A.K.
942 ## - ADDED ENTRY ELEMENTS (KOHA)
Source of classification or shelving scheme
Holdings
Withdrawn status Lost status Damaged status Koha normalized classification for sorting Not for loan Permanent location Current location Date acquired Cost, normal purchase price Total Checkouts Full call number Barcode Date last seen Date last borrowed Price effective from Koha item type
      628_166000000000000   BMS College of Architecture, Design and Planning BMS College of Architecture, Design and Planning 2020-03-03 320.00 1 628.166 CL-UG65740 2025-11-25 2025-11-25 2020-03-03 UG Books from CL
Copyright © 2025, The Librarian, Library and Information Centre, BMSCA D&P, Bengaluru. All Rights Reserved
web counter

Powered by Koha